Normal view
MARC view
- Efimov, D. N
Entry Personal Name
001 - CONTROL NUMBER
- control field: 2958
003 - CONTROL NUMBER IDENTIFIER
- control field: OSt
005 - DATE AND TIME OF LATEST TRANSACTION
- control field: 20180302122255.0
008 - FIXED-LENGTH DATA ELEMENTS
- fixed length control field: 180302|| aca||aabn | a|a d
040 ## - CATALOGING SOURCE
- Original cataloging agency: OSt
- Transcribing agency: OSt
100 ## - HEADING--PERSONAL NAME
- Personal name: Efimov, D. N
670 ## - SOURCE DATA FOUND
- Source citation: Work cat.: (OSt): YATSUK, E. P 2956, Rotary soil working machines: Constructional, calculation and design, 1971
